Inspections and reports on dwellings (Record no. 115822)

MARC details
000 -LEADER
fixed length control field 01293cam a22002295a 4500
001 - CONTROL NUMBER
control field L159346
008 - FIXED-LENGTH DATA ELEMENTS--GENERAL INFORMATION
fixed length control field 161007s2004 xxk f 001 0 eng d
020 ## - INTERNATIONAL STANDARD BOOK NUMBER
International Standard Book Number 0728204479
035 ## - SYSTEM CONTROL NUMBER
System control number (Sirsi) u159346
041 0# - LANGUAGE CODE
Language code of text/sound track or separate title eng
100 1# - MAIN ENTRY--PERSONAL NAME
Personal name Melville, Ian
245 00 - TITLE STATEMENT
Title Inspections and reports on dwellings
Remainder of title assessing age
250 ## - EDITION STATEMENT
Edition statement 1st ed
260 ## - PUBLICATION, DISTRIBUTION, ETC.
Place of publication, distribution, etc. London
Name of publisher, distributor, etc. EG Books
Date of publication, distribution, etc. 2004
260 ## - PUBLICATION, DISTRIBUTION, ETC.
Place of publication, distribution, etc. London
Name of publisher, distributor, etc. Estates Gazette
Date of publication, distribution, etc. 2004
300 ## - PHYSICAL DESCRIPTION
Extent 233p.
Other physical details ill.
Dimensions 25cm.
520 ## - SUMMARY, ETC.
Summary, etc. Focuses on age assessment, a key factor used in surveying buildings, carriying out valuations, calculating reinstatement costs and building defects. Broken down into 13 age bands, spanning the periods pre 1670 through to post 2000 with colour photographs of examples dwellings for each period. Each age band includes a commentary highlighting the social, economic and technical circumstances of the time. An overview of the photographs draws attention to the particular features, which help to place a dwelling within one of the defined periods. The wide range of dwellings covered should provide the necessary assistance towards identifying the age of a dwelling in any part of the UK. Bibliography.
651 #4 - SUBJECT ADDED ENTRY--GEOGRAPHIC NAME
Geographic name United Kingdom
Chronological subdivision
690 ## - LOCAL SUBJECT ADDED ENTRY--TOPICAL TERM (OCLC, RLIN)
Topical term or geographic name as entry element Residential property
9 (RLIN) 6266
700 1# - ADDED ENTRY--PERSONAL NAME
Personal name Gordon, Ian A.
942 ## - ADDED ENTRY ELEMENTS (KOHA)
Suppress in OPAC 0
Holdings
Withdrawn status Lost status Source of classification or shelving scheme Damaged status Not for loan Home library Current library Shelving location Date acquired Total Checkouts Full call number Barcode Date last seen Copy number Price effective from Koha item type
    Dewey Decimal Classification     London London Basement 07/10/2016   BASEMENT 61 30069654 06/08/2019 1 06/08/2019 Book